Представление документа в формате RUSMARC

ПолеНазваниеЗначение
  Тип записи a
  Библиографический уровень m
001 Контрольный номер UONB/MAIN/72a2939830174b35ab70da380f3f363b
005 Дата корректировки 20260407124549.1
010 Индекс ISBN __
d Цена 20 к.
100 Данные общей обработки __
a Данные общей обработки 20260407d1922 u u0rusy0189 ca
101 Язык документа 0_
a Язык текста rus
102 Страна публикации __
a Страна публикации RU
105 Кодированные данные (монография) __
a Кодированные данные (монография) y z 000yy
200 Заглавие и сведения об ответственности 1_
a Заглавие 1920 год
e Сведения, относящиеся к заглавию очерки
f Первые сведения об ответственности В. Шульгин
203 Вид содержания и тип средства __
a Вид содержания Текст
b Характеристика содержания визуальный
c Тип средства непосредственный
210 Выходные данные 1_
a Место издания Москва
c Издательство Государственное издательство
d Дата издания 1922
215 Физическое описание __
a Объем [2], 43 с.
d Формат 20 см
423 Издается в одной обложке с ... _0
1 700 1
a Овсянников
b Н.
1 2001
a Пусть говорят белые
e (от издателей)
f Н. Овсянников
1 2101
a Москва
c Государственное издательство
d 1922
606 Тематические рубрики 0_
a Основная рубрика Буржуазно-демократическая революция
z Хронологическая подрубрика 1905-1907
606 Тематические рубрики 0_
a Основная рубрика Февральская буржуазно-демократическая революция
z Хронологическая подрубрика 1917
610 Ключевые слова 0_
a Ключевые слова буржуазно-демократическая революция; февральская буржуазно-демократическая революция 1917 г.
675 Индекс УДК __
a Индекс УДК 9(С)22
686 Индексы других классификаций __
a Классификационный индекс 63.3(2)532
2 Код системы rubbk
700 Автор _1
a Фамилия Шульгин
b Имя (инициалы) В. В.
g Полное личное имя Василий Витальевич
f Даты 1876-1976
801 Источник записи _0
a Страна RU
b Организация Ульяновская ОНБ
c Дата составления 20260407
g Правила каталогизации RCR
801 Источник записи _1
a Страна RU
b Организация Ульяновская ОНБ
c Дата составления 20260407
g Правила каталогизации RCR
901 Тип документа __
t Тип документа m
909 Создатель записи __
a Создатель записи Горбункова
b Дата создания записи 20260407